Faktory determinující vývoj české ekonomiky v letech 1995 až 2005

Vývoj HDP. Domáci dopyt (spotreba domácností, vládna spotreba, tvorba fixného kapitálu). Faktory determinujúce vývoj čistého zahraničného dopytu. Trh práce, inflácia. Trendy vo vývoji českej ekonomiky v období 1995-2005.

Enregistré dans:
Détails bibliographiques
Auteur principal: Nedomlelová, Iva
Autres auteurs: Marhoulová, Eva
Format: Chapitre de livre
Langue:tchèque
Sujets:
Tags: Ajouter un tag
Pas de tags, Soyez le premier à ajouter un tag!

MARC

LEADER 00000naa$a2200000$$$4500
001 0045065
005 20220725092405.0
041 0 |a cze 
044 |a SK 
245 1 0 |a Faktory determinující vývoj české ekonomiky v letech 1995 až 2005  |c Iva Nedomlelová, Eva Marhoulová 
520 |a Vývoj HDP. Domáci dopyt (spotreba domácností, vládna spotreba, tvorba fixného kapitálu). Faktory determinujúce vývoj čistého zahraničného dopytu. Trh práce, inflácia. Trendy vo vývoji českej ekonomiky v období 1995-2005. 
610 2 0 |a produkt domáci hrubý 
610 2 0 |a dopyt domáci 
610 2 0 |a dopyt 
610 2 0 |a trh práce 
610 2 0 |a inflácia 
610 2 0 |a kapitál fixný 
610 2 0 |a Česko 
610 2 0 |a 1995-2005 
100 1 |a Nedomlelová, Iva 
700 1 |a Marhoulová, Eva